CONSENTIMIENTO, LIBERTAD Y OBLIGACION POLITICA /

TRADUCCION DE: CONSENT, FREEDOM AND POLITICAL OBLIGATION

Guardat en:
Dades bibliogràfiques
Autor principal: Plamenatz, John Petrov (autor)
Format: Llibre
Matèries:
Etiquetes: Afegir etiqueta
Sense etiquetes, Sigues el primer a etiquetar aquest registre!

MARC

LEADER 00000nam^a2200000^a^4500
001 000235753
005 20250521000000.0
009 20260310104822.287
035 |a 052832 
037 |a Acervo Xavier Clavigero 
082 |a 320.  |b PLA 
100 |a Plamenatz, John Petrov  |e (autor) 
245 1 0 |a CONSENTIMIENTO, LIBERTAD Y OBLIGACION POLITICA /  |c J.P. PLAMENATZ ; TR. ROBERTO REYES MAZZONI 
264 |a MEXICO :  |b FCE,  |c 1970 
300 |a 167 p. 
336 |a texto  |b txt  |2 rdacontenido 
337 |a sin mediación  |b n  |2 rdamedio 
338 |a volumen  |b nc  |2 rdasoporte 
520 |a TRADUCCION DE: CONSENT, FREEDOM AND POLITICAL OBLIGATION 
520 |a INDICE 
649 |a XX 
650 |a Política -  |x Teoría 
910 |a Fondo General 
920 |a Impresos - Libros 
930 |a Colección General 
905 |a 101 
901 |a 052832  |b IT1  |c ACC  |i 052832  |u 20250521 
902 |a https://opac.biblio.iteso.mx/vufind/Record/000235753